Normal view MARC view
  • Jardín de niños

Entry Materia

Number of records used in: 64

001 - NÚMERO DE CONTROL DEL REGISTRO

  • campo de control: 2850

003 - IDENTIFICADOR DE NUMERO DE CONTROL

  • campo de control: MX-MxUPN

005 - FECHA Y HORA DE LA ÚLTIMA TRANSACCIÓN

  • campo de control: 20240605114126.0

008 - DATOS DE LONGITUD FIJA

  • campo de control de longitud fija: 240605nn fnnnnaaba b bna |d

035 ## - NÚMERO DE CONTROL DEL SISTEMA

  • Número de control del sistema: UPN10000002850

040 ## - FUENTE DE LA CATALOGACIÓN

  • Centro catalogador de origen: MX-MxUPN
  • Lengua de catalogación: spa

053 #4 - NÚMERO CLASIFICADOR - BIBLIOTECA DEL CONGRESO (LC)

  • Elemento numérico de la clasificación - Número único o no. inicial del rango: LB1733

150 ## - ENCABEZAMIENTO - TEMÁTICO

  • Término de materia o nombre geográfico como elemento inicial: Jardín de niños
  • Subdivisión de materia general: Dirección y organización

670 ## - FUENTE EN LA QUE SE LOCALIZARON DATOS

  • Cita de la fuente: Escamilla Gonzalez, G. Lista de encabezamientos de materia, 1978 :
  • Información localizada: página 311 (Escuelas - Dirección y organización)

670 ## - FUENTE EN LA QUE SE LOCALIZARON DATOS

  • Cita de la fuente: Autoridades BGTQ, 5 junio 2024 :
  • Información localizada: (Jardín de niños)

902 ## - CATALOGADOR

  • Catalogador: LG/111196
  • Catalogador: VíctorGodínez/050624